000 01270nam a22002537a 4500
005 20170124102949.0
010 _aB-169475
020 _c400.00
_a8171490670
035 _aB-169475
037 _bCen Lib/Ret
040 _aDPL
_bHN
082 _a821.08
_bशर्मासं
100 _aशर्मा, संजय
_92125
245 _aसौन्दर्य का समीक्षात्मक अध्य्यन :
_cसंजय शर्मा
_bस्वतंत्रयोतर हिन्दी कविता के संदर्भ में /
246 _aSaundarye ka sameekshatmak adhyyan : swantryotar hindi kavita ke sandarbh me /
_bby Sanjay Sharma
260 _aदिल्ली
_bसाहित्य सहकार
_c2005
270 _a29/62-बी, गली न.11, विश्वास नगर
_bदिल्ली
_e110032
300 _a343पृ.
_c21सेमी (सजिल्द)
650 _aहिन्दी -- साहित्य
_951044
650 _aहिन्दी -- कविता का अध्य्यन
_949642
650 _aHindi -- literature
_951045
650 _aHindi -- A study of poetry
_951046
942 _2ddc
_cHN
_h821.08
_mशर्मासं
999 _c113190
_d113190